000 00264nam a2200097Ia 4500
082 _aJ|323|ATKI
245 0 _aFreedom debate : human rights
100 _a Atkinson, Mary Oxford, 2009
_966255
942 _cBK
008 210817s9999 xx 000 0 und d
999 _c212463
_d212462